Sports Quiz

Random Sports or NHL Quiz

Big Four Athlete by Mural Quiz Stats

 Plays Quiz Updated Nov 30, 2017

Score 0/20 Timer 05:00
5 Plays Today
% Correct
Shaquille O'Neal
99%
Peyton Manning
92.4%
Jackie Robinson
88.2%
Michael Jordan
86.4%
Dennis Rodman
80.3%
Derek Jeter
79.2%
Wayne Gretzky
77.9%
Brett Favre
71.3%
Randy Johnson
64.4%
Roberto Clemente
61.4%
% Correct
Reggie Jackson
60.7%
Hank Aaron
54.6%
Jeremy Lin
52.9%
Magic Johnson
49.9%
Julius Erving
49.2%
Bobby Orr
49.1%
DeMarcus Ware
47.9%
Mark Messier
34.3%
Pat Quinn
8.2%
George Rogers
6.7%

You're not logged in!

Compare scores with friends on all Sporcle quizzes.
OR
Log In

You Might Also Like...

Show Comments

Extras

Top Quizzes Today


Score Distribution

Your Account Isn't Verified!

In order to create a playlist on Sporcle, you need to verify the email address you used during registration. Go to your Sporcle Settings to finish the process.

Report this User

Report this user for behavior that violates our Community Guidelines.

Details: